Guess the Mystery Song from the Lyrics #15 - Statistics

General Stats
  • This quiz has been taken 20 times
  • The average score is 77 of 152
Answer Stats
Lyrics % Correct
is
89%
it
89%
the
89%
love
84%
And
79%
and
79%
be
79%
can
79%
It's
79%
me
79%
to
79%
where
79%
could
74%
one
74%
that
74%
what
74%
all
68%
my
68%
of
68%
how
63%
men
63%
heart
58%
man
58%
Oh
58%
this
58%
Woah
58%
woah
58%
as
53%
from
53%
I'll
53%
Just
53%
like
53%
never
53%
than
53%
C'mon
47%
down
47%
good
47%
has
47%
his
47%
know
47%
Now
47%
can't
42%
keep
42%
light
42%
more
42%
away
37%
with
37%
ain't
32%
better
32%
gonna
32%
that's
32%
hell
26%
taken
26%
throw
26%
bring
21%
makes
21%
much
21%
stay
21%
ways
21%
send
16%
wanting
16%
wants
16%
against
11%
half
11%
knees
11%
stand
11%
working
11%
dream
5%
Gravity
5%
gravity
5%
Gravity - John Mayer
5%
sustain
5%
twice
5%
No matching quizzes found
Score Distribution
Percent of People with Each Score
Percentile by Number Answered
Your Score History
You have not taken this quiz